| 000 | 01047cam a22002411i 4500 | ||
|---|---|---|---|
| 003 | SA-RiAUC | ||
| 005 | 20260510140429.0 | ||
| 008 | 260423s1946 ua g 00000 ara c | ||
| 040 |
_aSA-JeALM _bara _cSA-RiAUC _erda |
||
| 082 | 0 | 4 | _a213 |
| 090 |
_a213 _bح م ي |
||
| 100 | 1 |
_aالحميري، عيسى بن عبد الله بن محمد بن مانع، _eمؤلف. |
|
| 245 | 1 | 0 |
_aرسائل السلام في التعريف بدين الإسلام / _cبقلم عيسى بن عبدالله بن مانع الحميري. |
| 250 | _aالطبعة الثانية. | ||
| 264 | 1 |
_aدبي. الامارات العربية المتحدة : _bدائرة الأوقاف والشؤون الاسلامية، _bعيسى الحميري. _c2001 |
|
| 300 |
_a145 صفحة ؛ _c16 سم. |
||
| 336 |
_aنص _btxt _2rdacontent _3كتاب |
||
| 337 |
_aبدون وسيط _bn _2rdamedia |
||
| 650 | 7 |
_aالوعظ والإرشاد _2aucsh |
|
| 650 | 7 |
_aالدعوة الإسلامية _2aucsh |
|
| 942 |
_2ddc _cBOOK _n0 |
||
| 949 |
_aSA-JeALM _d260423 _uosman123 _n1 |
||
| 999 |
_c14908 _d14908 |
||